Livro com cheiro a chocolate (Registo nº 4426)

Detalhes MARC
000 -Etiqueta do registo
Cabeçalho 00702nam a2200253 n 4500
005 - Identificador da versão
Campo de controlo 20240813122101.0
010 ## - Número internacional normalizado dos livros (ISBN)
Número (ISBN) 9789724729145
021 ## - Número do Depósito Legal
Código do país PT
Número 231917/05
035 ## - Other System Control Numbers
System Control Number ESEL_BC_121.iso/07-01-2009/20643
System Control Number 2088837
100 ## - Dados gerais de processamento
Dados gerais de processamento 20080111d2007 m y0pory5003 ba
102 ## - Pais de publicação ou produção
País de publicação Portugal
101 0# - Língua de publicação
Língua do texto, banda sonora, etc. Português
215 ## - Descrição física 
Indicação específica da natureza do documento e extensão da espécie 32 p.
Outras indicações físicas il.
Dimensões 30 cm
200 1# - Titulo e menção de responsabilidade
Título próprio Livro com cheiro a chocolate
Primeira menção de responsabilidade Alice Vieira
Outras menções de responsabilidade il. Daniela Gonçalves
205 ## - Menção da edição
Menção da edição 1ª ed.
Outras menções de edição 5ª tir
210 ## - Publicação, Distribuição, etc. 
Lugar da edição, distribuição, etc. Lisboa
Nome do editor, distribuidor, etc. Texto Editores
Data da publicação, distribuição, etc. 2007
675 ## - Classificação Decimal Universal (CDU)
Notação 087.5:869.0-34
Edição med
Língua da edição fre
702 #1 - Nome de autor-pessoa física (responsabilidade secundária)
Número de registo de entrada de autoridade 0001256
Palavra de ordem Gonçalves
Outra parte do nome não tomada para palavra de ordem Daniela
Código de função Ilustrador / Técnico de desenho computorizado
700 #1 - Nome de autor-pessoa física (responsabilidade principal)
Número de registo de entrada de autoridade 0001255
Palavra de ordem Vieira
Outra parte do nome não tomada para palavra de ordem Alice
942 ## - Elementos de entrada adicionados (Koha)
Tipo de item no Koha Livro
Exemplares
Situação do levantamento Origin of item (home branch) (coded) Biblioteca de empréstimo Código de barras Cota Circulation type (not for loan) Tipo de documento Nota do exemplar Damaged status
  Biblioteca Escolar das Vendas Biblioteca Escolar das Vendas BEV1883 | 2005 8POR VIE   Livro Sem mensagem